000 01374cam a22003617a 4500
001 12031108
003 NUST-PNEC
005 20170116180739.0
008 000605s2000 ctua 001 0 eng d
010 _a 00267913
020 _a1884777996
035 _a(OCoLC)ocm44063194
040 _aJRZ
_cPNEC
042 _alccopycat
050 0 0 _aTK5105.8885.J38
_bF54 2000
082 0 0 _a005.72 FIE
_221
100 1 _aFields, Duane K.
245 1 0 _aWeb development with JavaServer pages /
_cDuane K. Fields, Mark A. Kolb.
246 3 0 _aJavaServer pages
260 _aGreenwich, CT :
_bManning Publications,
_cc2000.
300 _axxvi, 554 p. :
_bill. ;
_c24 cm.
500 _aIncludes index.
500 _a"A practical guide for designing and building dynamic web services. Covers JSP 1.1"--Cover.
630 0 0 _aJavaServer pages.
650 0 _aWeb sites
_xComputer, MIS
650 0 _aWeb site development.
700 1 _aKolb, Mark A.
856 7 _uhttp://www.amazon.com/Web-Development-Java-Server-Pages/dp/1884777996/ref=sr_1_1?s=books&ie=UTF8&qid=1418244544&sr=1-1&keywords=WEB+DEVELOPMENT+WITH+JAVA+SERVER+PAGES
856 4 2 _3Publisher description
906 _a7
_bcbc
_ccopycat
_d2
_encip
_f20
_gy-gencatlg
942 _2ddc
_cBK
999 _c62120
_d62120